House building starts (Record no. 118296)

MARC details
000 -LEADER
fixed length control field 01065cam a2200205 4500
001 - CONTROL NUMBER
control field WB@3612-78
008 - FIXED-LENGTH DATA ELEMENTS--GENERAL INFORMATION
fixed length control field 041111n2004 000 0 eng u
035 ## - SYSTEM CONTROL NUMBER
System control number (Sirsi) u127946
245 ## - TITLE STATEMENT
Title House building starts
260 ## - PUBLICATION, DISTRIBUTION, ETC.
Date of publication, distribution, etc. 2004
490 ## - SERIES STATEMENT
Series statement ODPM Statistical Release
Volume/sequential designation (2004/0273) 11 November 2004 (3)
520 ## - SUMMARY, ETC.
Summary, etc. "House building: July to September quarter 2004" has been published by the ODPM. It presents figures on new house building starts and completions in England and its regions. During this quarter there were 45 000 housing starts and 38 500 completions - up 13% on the same period in 2003. During the 12 months to the end of September 2004 starts numbered 171 100 (up 9% on the previous 12 month period) and completions totalled 151 600 (up 8%). Further details and tables are available. http://www.odpm.gov.uk/pns/displaypn.cgi?pn_id=200 4_0273
590 ## - LOCAL NOTE (RLIN)
Local note WB
590 ## - LOCAL NOTE (RLIN)
Local note WB
650 ## - SUBJECT ADDED ENTRY--TOPICAL TERM
Topical term or geographic name entry element HOUSING STATISTICS
650 ## - SUBJECT ADDED ENTRY--TOPICAL TERM
Topical term or geographic name entry element HOUSING COMPLETIONS
650 ## - SUBJECT ADDED ENTRY--TOPICAL TERM
Topical term or geographic name entry element HOUSE BUILDING
690 ## - LOCAL SUBJECT ADDED ENTRY--TOPICAL TERM (OCLC, RLIN)
Topical term or geographic name as entry element BUILDING AND CONSTRUCTION-MARKET
942 ## - ADDED ENTRY ELEMENTS (KOHA)
Suppress in OPAC 0
Holdings
Withdrawn status Lost status Source of classification or shelving scheme Damaged status Not for loan Home library Current library Shelving location Date acquired Total Checkouts Full call number Barcode Date last seen Copy number Price effective from Koha item type
    Dewey Decimal Classification     London London News article 11/11/2004   WB4043-01 127946-1001 06/08/2019 1 06/08/2019 News article